| 000 | 00609nam a22002177a 4500 | ||
|---|---|---|---|
| 942 | _cBK | ||
| 999 |
_c569 _d569 |
||
| 005 | 20250420134816.0 | ||
| 008 | 200809b ||||| |||| 00| 0 eng d | ||
| 020 | _a9780619159313 | ||
| 020 | _a0619159316 | ||
| 040 | _cKCST | ||
| 082 |
_a004.62 _bSk Wi |
||
| 100 |
_aSkelton, Gordon W. _94949 |
||
| 245 |
_aWireless application development / _cGordon W Skelton |
||
| 260 |
_aCambridge, Mass.[u.a.]: _bCourse Technology, _c2003. |
||
| 300 | _ap. | ||
| 650 |
_aApplication software _vDevelopment _94950 |
||
| 650 |
_aInternet programming _94951 |
||
| 650 |
_aWeb servers _9571 |
||
| 942 | _2ddc | ||